[Event "II Open de Lisboa - Xeque Mate ao Verão "]
[Site "Espaço da Juventude nos Olivai"]
[Date "2014.08.13"]
[Round "5.20"]
[White "Fidalgo, Daniel Neves"]
[Black "Gasalho, Mario Da Conceicao N"]
[Result "1-0"]
[WhiteElo "1729"]
[BlackElo "1547"]
[PlyCount "45"]
[EventDate "2014.08.10"]

1. c4 Nf6 2. d4 e6 3. Nc3 Bb4 4. Bg5 h6 5. Bh4 g5 6. Bg3 Ne4 7. Qc2 f5 8. Be5
O-O 9. f3 Nc6 10. fxe4 d6 11. Bg3 Nxd4 12. Qd3 e5 13. O-O-O fxe4 14. Nxe4 Bf5
15. a3 Ba5 16. b4 Bb6 17. Nf3 c5 18. b5 a6 19. e3 axb5 20. exd4 cxd4 21. cxb5
Ba5 22. Qb3+ Kg7 23. Nxd6 1-0